| 000 | 00722cab a2200181 4500 | ||
|---|---|---|---|
| 001 | ##L131106 | ||
| 008 | 050929n2005 000 0 eng u | ||
| 035 | _a(Sirsi) u131106 | ||
| 041 | 0 | _aeng | |
| 100 | 1 | _aHastings, Paddy | |
| 245 | _aBenefits in hand | ||
| 260 | _c2005 | ||
| 490 |
_aPremises and Facilities Management _vSeptember 2005, 58-59(2) |
||
| 520 | _aOutlines the findings of a BSRIA pilot study into the use of portable hand held devices for condition surveys. Benefits reported included the ability to use standardised survey checklists, increased efficiency, and better communication, monitoring and reporting. | ||
| 590 | _aIKA111005 | ||
| 690 | _aBUILT ENVIRONMENT-BUILDING INSPECTION | ||
| 942 | _n0 | ||
| 999 |
_c75944 _d75944 |
||